000 01033pam a2200313 a 4500
999 _c9243
_d9243
001 9243
003 BD-JhCC
005 20180312110932.0
008 820331s1982 caua b 001 0 eng
020 _a0803918151
035 _a(BD-JhCC)9243
040 _aDLC
_cDLC
_dDLC
_dBD-JhCC
041 1 _aengswe
050 0 0 _aJA86
_b.V413 1982
082 0 0 _a320/.072
_219
_bVED 1982
100 1 _aVedung, Evert,
_d1938-
240 1 0 _aRationella politiska samtalet.
245 1 0 _aPolitical reasoning /
_cEvert Vedung ; [translated from the Swedish by David McCune].
260 _aBeverly Hills :
_bSage Publications,
_cc1982.
300 _a232 p. :
_bill. ;
_c23 cm.
500 _aTranslation of: Det rationella politiska samtalet.
500 _aIncludes indexes.
504 _aBibliography: p. 215-223.
650 0 _aPolitical science
_xResearch.
650 0 _aPolitical science
_xMethodology.
856 4 2 _3Publisher description
_uhttp://www.loc.gov/catdir/enhancements/fy0660/82005532-d.html
942 _2ddc
_cBK